000 00436cam a2200181ua 4500
020 _c125.00
041 _aeng
_h
082 _a631.1
_bRAD/AG
100 _aRadhey, Lal .
245 _aAgricultural engineering /
_cRadhey Lal.
_hTextual Documents
260 _aAllahabad :
_bSaroj Prakashan ,
_c1995.
300 _a795 ; .
365 _a125.00
504 _a
942 _cBK
999 _c9261
_d9261